[Event "10. Torneo I. Cidade de Pontevedra 2022"]
[Site "Pontevedra ESP"]
[Date "2022.07.29"]
[Round "8.27"]
[White "Reza Salgado, Marcos"]
[Black "Sixto Puente, Eloy"]
[Result "0-1"]
[WhiteElo "1790"]
[BlackElo "2071"]
[PlyCount "71"]
[EventDate "2022.07.24"]
[EventType "swiss"]
[EventRounds "9"]
[EventCountry "ESP"]
[SourceTitle "Ajedrez en Madrid"]
[Source "lmi"]
[SourceDate "2022.07.24"]
[SourceVersion "1"]
[SourceVersionDate "2022.08.06"]
[SourceQuality "1"]

1. d4 Nf6 2. Nc3 d5 3. Bf4 e6 4. e3 Bb4 5. Nge2 O-O 6. a3 Be7 7. f3 c5 8. Qd2
Nc6 9. g4 a6 10. h4 b5 11. h5 Nd7 12. dxc5 Nde5 13. Bxe5 Nxe5 14. Nd4 Bxc5 15.
Be2 Bd7 16. f4 Nc4 17. Bxc4 bxc4 18. g5 Rb8 19. Nd1 f6 20. Qg2 fxg5 21. fxg5
Qb6 22. c3 Qd6 23. Rf1 Rxf1+ 24. Kxf1 e5 25. Nf3 Bf5 26. Qg3 Be4 27. Kg1 Rf8
28. Nd2 Bd3 29. Nf2 e4 30. Qh3 Qe5 31. g6 Qg5+ 32. Ng4 Bxe3+ 33. Qxe3 Qxg4+ 34.
Kh2 Qxh5+ 35. Kg1 Qxg6+ 36. Kh2 0-1

[Event "10. Torneo I. Cidade de Pontevedra 2022"]
[Site "Pontevedra ESP"]
[Date "2022.07.29"]
[Round "8.28"]
[White "Cabanas Rodriguez, Roi"]
[Black "Carballo Noya, Miguel"]
[Result "1/2-1/2"]
[WhiteElo "1945"]
[BlackElo "1910"]
[PlyCount "69"]
[EventDate "2022.07.24"]
[EventType "swiss"]
[EventRounds "9"]
[EventCountry "ESP"]
[SourceTitle "Ajedrez en Madrid"]
[Source "lmi"]
[SourceDate "2022.07.24"]
[SourceVersion "1"]
[SourceVersionDate "2022.08.06"]
[SourceQuality "1"]

1. c4 e5 2. g3 Be7 3. Bg2 d6 4. Nc3 c6 5. d3 f5 6. e3 Nf6 7. Nge2 O-O 8. O-O
Be6 9. Rb1 a5 10. a3 Na6 11. b4 axb4 12. axb4 d5 13. b5 Nb4 14. bxc6 bxc6 15.
cxd5 cxd5 16. d4 e4 17. Nf4 Bf7 18. h4 Qd7 19. Bd2 Rfb8 20. Rb3 Bd6 21. Qb1
Bxf4 22. gxf4 Nc6 23. Ne2 Rxb3 24. Qxb3 Rb8 25. Qa2 Qb7 26. Ra1 Qb2 27. Nc3
Qxa2 28. Rxa2 Ne7 29. f3 Ng6 30. Be1 Rc8 31. Ra3 Ne8 32. fxe4 dxe4 33. Bf1 Nd6
34. Nb5 Ne8 35. Rc3 1/2-1/2

[Event "10. Torneo I. Cidade de Pontevedra 2022"]
[Site "Pontevedra ESP"]
[Date "2022.07.29"]
[Round "8.29"]
[White "Martinez Garcia, Ruben"]
[Black "Vidal Del Rio, Diego"]
[Result "1-0"]
[WhiteElo "1992"]
[BlackElo "2041"]
[PlyCount "81"]
[EventDate "2022.07.24"]
[EventType "swiss"]
[EventRounds "9"]
[EventCountry "ESP"]
[SourceTitle "Ajedrez en Madrid"]
[Source "lmi"]
[SourceDate "2022.07.24"]
[SourceVersion "1"]
[SourceVersionDate "2022.08.06"]
[SourceQuality "1"]

1. e4 c6 2. d4 d5 3. e5 c5 4. dxc5 e6 5. Bd3 Bxc5 6. Qg4 Ne7 7. Nf3 Nbc6 8. O-O
Ng6 9. Re1 Qb6 10. Qg3 Nb4 11. Nc3 Nxd3 12. cxd3 Bd7 13. h4 Ne7 14. d4 Bxd4 15.
Nxd4 Qxd4 16. Be3 Qd3 17. Qxg7 Rg8 18. Rad1 Qf5 19. Qf6 Qxf6 20. exf6 Nf5 21.
Bf4 Nxh4 22. Bg3 Nf5 23. Nxd5 Nxg3 24. fxg3 Rd8 25. Nc7+ Kf8 26. Re3 Rg6 27.
Red3 Rxf6 28. Rxd7 Rxd7 29. Rxd7 Rf5 30. a4 a6 31. Na8 b5 32. Rd4 Rc5 33. Nb6
Ke7 34. a5 Rc7 35. b4 f5 36. g4 e5 37. Nd5+ Kd6 38. Nxc7+ exd4 39. Nxa6 d3 40.
Kf2 fxg4 41. Nc5 1-0

[Event "10. Torneo I. Cidade de Pontevedra 2022"]
[Site "Pontevedra ESP"]
[Date "2022.07.29"]
[Round "8.30"]
[White "Bastos Gonzalez, Gonzalo"]
[Black "Alvarez Dominguez, Breixo"]
[Result "0-1"]
[WhiteElo "1946"]
[BlackElo "2026"]
[PlyCount "79"]
[EventDate "2022.07.24"]
[EventType "swiss"]
[EventRounds "9"]
[EventCountry "ESP"]
[SourceTitle "Ajedrez en Madrid"]
[Source "lmi"]
[SourceDate "2022.07.24"]
[SourceVersion "1"]
[SourceVersionDate "2022.08.06"]
[SourceQuality "1"]

1. c4 Nf6 2. g3 d5 3. cxd5 Nxd5 4. Bg2 g6 5. Nc3 Nb6 6. Nf3 Bg7 7. O-O O-O 8.
d3 Bd7 9. d4 Nc6 10. Bf4 Bg4 11. Ne5 Nxe5 12. dxe5 c6 13. Qc2 Nd7 14. Rfd1 Qa5
15. h3 Be6 16. Bg5 Rfe8 17. f4 f6 18. Bh4 Qc5+ 19. Kh1 fxe5 20. g4 exf4 21.
Rxd7 Bxd7 22. Qb3+ Kh8 23. Rd1 Red8 24. Ne4 Qe5 25. Ng5 Be8 26. Rg1 Bf6 27. Nf3
Qxb2 28. Qxb2 Bxb2 29. Rb1 Ba3 30. Bg5 Bd6 31. Nd4 Bf7 32. Rxb7 Rab8 33. Bxc6
Rxb7 34. Bxb7 Rb8 35. Bf3 Kg7 36. a4 h6 37. Bh4 Rb4 38. Nc6 Rxa4 39. Nxe7 Bc5
40. Be4 0-1

[Event "10. Torneo I. Cidade de Pontevedra 2022"]
[Site "Pontevedra ESP"]
[Date "2022.07.29"]
[Round "8.31"]
[White "Alonso Pacheco, Luis Joaquin"]
[Black "Macqueron, Gregory"]
[Result "1/2-1/2"]
[WhiteElo "1903"]
[BlackElo "1936"]
[PlyCount "57"]
[EventDate "2022.07.24"]
[EventType "swiss"]
[EventRounds "9"]
[EventCountry "ESP"]
[SourceTitle "Ajedrez en Madrid"]
[Source "lmi"]
[SourceDate "2022.07.24"]
[SourceVersion "1"]
[SourceVersionDate "2022.08.06"]
[SourceQuality "1"]

1. e4 e6 2. d4 d5 3. Nc3 Bb4 4. e5 c5 5. a3 Bxc3+ 6. bxc3 Nc6 7. Qg4 g6 8. h4
h6 9. Nf3 Qa5 10. Bd2 c4 11. Be2 Bd7 12. Qf4 Nge7 13. Nh2 O-O-O 14. Ng4 Nf5 15.
Qf3 h5 16. Nf6 Qa4 17. Bd1 Qb5 18. Bc1 Qa5 19. Bd2 Qb6 20. g3 Qb2 21. Rc1 Qxa3
22. O-O Qb2 23. Be2 Kc7 24. Bg5 Nce7 25. Rb1 Qa3 26. Ra1 Qb2 27. Rfb1 Qxc2 28.
Rc1 Qb2 29. Rcb1 1/2-1/2

[Event "10. Torneo I. Cidade de Pontevedra 2022"]
[Site "Pontevedra ESP"]
[Date "2022.07.29"]
[Round "8.32"]
[White "Martin Andres, Carlos"]
[Black "Vela Ignacio, Jose Manuel"]
[Result "1-0"]
[WhiteElo "1924"]
[BlackElo "2026"]
[PlyCount "64"]
[EventDate "2022.07.24"]
[EventType "swiss"]
[EventRounds "9"]
[EventCountry "ESP"]
[SourceTitle "Ajedrez en Madrid"]
[Source "lmi"]
[SourceDate "2022.07.24"]
[SourceVersion "1"]
[SourceVersionDate "2022.08.06"]
[SourceQuality "1"]

1. e4 c6 2. Nf3 d5 3. Nc3 Bg4 4. Be2 Nf6 5. e5 Nfd7 6. d4 e6 7. Ng5 Bxe2 8.
Qxe2 g6 9. Qf3 Qe7 10. Ne2 Bg7 11. Qe3 c5 12. c3 Nc6 13. O-O h6 14. Nf3 cxd4
15. cxd4 O-O 16. Bd2 f5 17. exf6 Rxf6 18. Nf4 Qf7 19. Nd3 g5 20. Bc3 Rf8 21. h3
Qg6 22. Qe2 Qh5 23. Rfe1 Qg6 24. b4 b5 25. a4 bxa4 26. b5 Ncb8 27. Nde5 Nxe5
28. Nxe5 Qe8 29. f3 Qc8 30. Bb4 Re8 31. Rxa4 Qb7 32. Bc5 Qc8 1-0

[Event "10. Torneo I. Cidade de Pontevedra 2022"]
[Site "Pontevedra ESP"]
[Date "2022.07.30"]
[Round "9.1"]
[White "Galperin, Platon"]
[Black "Ruck, Robert"]
[Result "1/2-1/2"]
[WhiteElo "2518"]
[BlackElo "2544"]
[PlyCount "58"]
[EventDate "2022.07.24"]
[EventType "swiss"]
[EventRounds "9"]
[EventCountry "ESP"]
[SourceTitle "Ajedrez en Madrid"]
[Source "lmi"]
[SourceDate "2022.07.24"]
[SourceVersion "1"]
[SourceVersionDate "2022.08.06"]
[SourceQuality "1"]

1. d4 Nf6 2. c4 e6 3. Nf3 d5 4. g3 dxc4 5. Bg2 a6 6. O-O Nc6 7. Nbd2 Nxd4 8.
Nxc4 Nxf3+ 9. Bxf3 Be7 10. Qc2 O-O 11. Rd1 Qe8 12. Bf4 Nd5 13. Bxc7 Qc6 14. Bf4
b5 15. Ne3 Qxc2 16. Nxc2 Bb7 17. Ne3 Nxe3 18. Bxe3 Bxf3 19. exf3 Bf6 20. a4
Bxb2 21. Rab1 Bf6 22. axb5 axb5 23. Rb3 b4 24. Rxb4 Rfe8 25. Rb5 Red8 26. Rxd8+
Rxd8 27. Bf4 Kf8 28. Rb8 Rxb8 29. Bxb8 Ke7 1/2-1/2

[Event "10. Torneo I. Cidade de Pontevedra 2022"]
[Site "Pontevedra ESP"]
[Date "2022.07.30"]
[Round "9.2"]
[White "Grigoryan, Karen H."]
[Black "Garrido Outon, Alex"]
[Result "1-0"]
[WhiteElo "2643"]
[BlackElo "2436"]
[PlyCount "47"]
[EventDate "2022.07.24"]
[EventType "swiss"]
[EventRounds "9"]
[EventCountry "ESP"]
[SourceTitle "Ajedrez en Madrid"]
[Source "lmi"]
[SourceDate "2022.07.24"]
[SourceVersion "1"]
[SourceVersionDate "2022.08.06"]
[SourceQuality "1"]

1. d4 Nf6 2. c4 e6 3. Nc3 d5 4. cxd5 exd5 5. Bg5 Be7 6. e3 c6 7. Bd3 Nbd7 8. h3
Nf8 9. Nf3 Ne6 10. Bh4 O-O 11. Qc2 g6 12. g4 c5 13. dxc5 Nxc5 14. Nd4 Ne6 15.
O-O-O Nxd4 16. exd4 Be6 17. f4 Rc8 18. f5 gxf5 19. gxf5 Bd7 20. Kb1 Ne4 21. f6
Nxc3+ 22. Qxc3 Bxf6 23. Qd2 Bxh4 24. Qh6 1-0

[Event "10. Torneo I. Cidade de Pontevedra 2022"]
[Site "Pontevedra ESP"]
[Date "2022.07.30"]
[Round "9.3"]
[White "Mendonca, Leon Luke"]
[Black "Vignesh, N R.."]
[Result "1-0"]
[WhiteElo "2567"]
[BlackElo "2427"]
[PlyCount "73"]
[EventDate "2022.07.24"]
[EventType "swiss"]
[EventRounds "9"]
[EventCountry "ESP"]
[SourceTitle "Ajedrez en Madrid"]
[Source "lmi"]
[SourceDate "2022.07.24"]
[SourceVersion "1"]
[SourceVersionDate "2022.08.06"]
[SourceQuality "1"]

1. Nf3 d5 2. g3 c6 3. Bg2 Bg4 4. O-O e6 5. d3 Nd7 6. h3 Bh5 7. c4 dxc4 8. dxc4
Bxf3 9. Bxf3 Ne5 10. Nd2 Nxf3+ 11. Nxf3 Qd5 12. Qd3 Qxd3 13. Rd1 Nf6 14. Be3
Be7 15. Rxd3 O-O 16. Rb3 b6 17. a4 Rab8 18. a5 Bc5 19. Bxc5 bxc5 20. Raa3 Nd7
21. Rxb8 Rxb8 22. Rd3 Nf8 23. Ne5 f6 24. Nxc6 Rxb2 25. Nxa7 Ra2 26. Nc6 Kf7 27.
Rd8 e5 28. e3 e4 29. Kg2 h5 30. Rd5 Ra4 31. Rxc5 Ne6 32. Rb5 Rxc4 33. Rb7+ Kg6
34. Ne7+ Kh7 35. a6 Ra4 36. a7 Nc5 37. Rb5 1-0

[Event "10. Torneo I. Cidade de Pontevedra 2022"]
[Site "Pontevedra ESP"]
[Date "2022.07.30"]
[Round "9.4"]
[White "Pulvett Marin, Daniel Eduardo"]
[Black "Manolache, Marius"]
[Result "1/2-1/2"]
[WhiteElo "2523"]
[BlackElo "2469"]
[PlyCount "63"]
[EventDate "2022.07.24"]
[EventType "swiss"]
[EventRounds "9"]
[EventCountry "ESP"]
[SourceTitle "Ajedrez en Madrid"]
[Source "lmi"]
[SourceDate "2022.07.24"]
[SourceVersion "1"]
[SourceVersionDate "2022.08.06"]
[SourceQuality "1"]

1. d4 Nf6 2. c4 d6 3. Nf3 g6 4. Nc3 Bg7 5. e4 O-O 6. Be2 c5 7. d5 e6 8. h3 Re8
9. O-O a6 10. a4 e5 11. Be3 a5 12. Nh2 Nbd7 13. Qd2 Ra6 14. g4 Rb6 15. Kh1 Rb4
16. Rab1 Rf8 17. Rg1 Kh8 18. h4 Rg8 19. h5 Bf8 20. b3 gxh5 21. gxh5 Rxg1+ 22.
Kxg1 b5 23. axb5 a4 24. Qc2 axb3 25. Rxb3 Nb6 26. Rxb4 cxb4 27. Na2 b3 28. Qxb3
Nxe4 29. Nb4 Nd7 30. Bf3 Ndc5 31. Qa2 Bf5 32. Qe2 1/2-1/2

[Event "10. Torneo I. Cidade de Pontevedra 2022"]
[Site "Pontevedra ESP"]
[Date "2022.07.30"]
[Round "9.5"]
[White "Mirzoev, Emil"]
[Black "Gonzalez Perez, Arian"]
[Result "1-0"]
[WhiteElo "2493"]
[BlackElo "2418"]
[PlyCount "147"]
[EventDate "2022.07.24"]
[EventType "swiss"]
[EventRounds "9"]
[EventCountry "ESP"]
[SourceTitle "Ajedrez en Madrid"]
[Source "lmi"]
[SourceDate "2022.07.24"]
[SourceVersion "1"]
[SourceVersionDate "2022.08.06"]
[SourceQuality "1"]

1. c4 e6 2. Nc3 d5 3. d4 Nf6 4. cxd5 exd5 5. Bg5 Be7 6. e3 c6 7. Bd3 Nbd7 8. h3
O-O 9. Qc2 Re8 10. Nf3 Nf8 11. O-O Ng6 12. Ne5 Ne4 13. Bxe7 Qxe7 14. Nxe4 dxe4
15. Bxe4 Nxe5 16. dxe5 Qxe5 17. Bxh7+ Kh8 18. Bd3 Be6 19. Rad1 Rad8 20. b3 Rd6
21. Qe2 Bd5 22. Bc2 Rh6 23. Qg4 Be6 24. Qf4 Qxf4 25. exf4 Rf6 26. Rd4 Bd5 27.
f3 Rfe6 28. Rd2 Re2 29. Rfd1 g6 30. Kf1 R2e3 31. Bd3 Kg7 32. Re2 Rxe2 33. Bxe2
a5 34. Rd4 Ra8 35. Kf2 Kf6 36. Ke3 Ke6 37. g4 Kd6 38. Rd2 Kc5 39. Bd1 Kb4 40.
h4 Re8+ 41. Kf2 b5 42. Kg3 Re1 43. Bc2 Kc3 44. Rh2 Re3 45. Bd1 f6 46. h5 gxh5
47. gxh5 Re8 48. Bc2 Rg8+ 49. Bg6 c5 50. Kg4 c4 51. bxc4 Bxc4 52. f5 b4 53. h6
a4 54. h7 Rh8 55. Kh5 Bg8 56. Kh6 Bxh7 57. Bxh7 b3 58. axb3 axb3 59. Kg7 Ra8
60. Kxf6 b2 61. Rxb2 Kxb2 62. Ke5 Ra5+ 63. Kd4 Ra4+ 64. Ke3 Ra3+ 65. Kf4 Ra4+
66. Kg5 Ra7 67. Kg6 Ra3 68. f4 Rg3+ 69. Kf6 Kc3 70. Ke5 Re3+ 71. Kd5 Rd3+ 72.
Ke4 Rd4+ 73. Ke5 Kd3 74. f6+ 1-0

[Event "10. Torneo I. Cidade de Pontevedra 2022"]
[Site "Pontevedra ESP"]
[Date "2022.07.30"]
[Round "9.6"]
[White "Del Rio De Angelis, Salvador G."]
[Black "Medarde Santiago, Luis Marcos"]
[Result "1/2-1/2"]
[WhiteElo "2442"]
[BlackElo "2330"]
[PlyCount "56"]
[EventDate "2022.07.24"]
[EventType "swiss"]
[EventRounds "9"]
[EventCountry "ESP"]
[SourceTitle "Ajedrez en Madrid"]
[Source "lmi"]
[SourceDate "2022.07.24"]
[SourceVersion "1"]
[SourceVersionDate "2022.08.06"]
[SourceQuality "1"]

1. d4 Nf6 2. c4 e6 3. Nc3 Bb4 4. e3 O-O 5. Bd3 d5 6. cxd5 exd5 7. Nge2 Bd6 8.
O-O Re8 9. Ng3 b6 10. Re1 Bb7 11. b3 Nbd7 12. Bb2 Ne4 13. Qc2 Ndf6 14. Nb5 Ba6
15. Nxd6 Bxd3 16. Qxd3 Qxd6 17. Nf1 c6 18. Rac1 Ng5 19. Rc2 Rac8 20. f3 Re7 21.
Ng3 Qd7 22. Nf5 Ree8 23. Ba3 c5 24. dxc5 bxc5 25. Bxc5 Ne6 26. b4 Nf4 27. exf4
Rxe1+ 28. Kf2 Re6 1/2-1/2

[Event "10. Torneo I. Cidade de Pontevedra 2022"]
[Site "Pontevedra ESP"]
[Date "2022.07.30"]
[Round "9.7"]
[White "Fernandez Lopez, Ruben"]
[Black "Shyaamnikhil, P.."]
[Result "0-1"]
[WhiteElo "2324"]
[BlackElo "2443"]
[PlyCount "56"]
[EventDate "2022.07.24"]
[EventType "swiss"]
[EventRounds "9"]
[EventCountry "ESP"]
[SourceTitle "Ajedrez en Madrid"]
[Source "lmi"]
[SourceDate "2022.07.24"]
[SourceVersion "1"]
[SourceVersionDate "2022.08.06"]
[SourceQuality "1"]

1. e4 e5 2. Nf3 Nc6 3. Bb5 a6 4. Ba4 Nge7 5. Nc3 d6 6. O-O h6 7. a3 g5 8. Nd5
Bg7 9. d3 O-O 10. Ne3 Be6 11. Bxc6 bxc6 12. g4 d5 13. Qe2 Re8 14. Nf5 Ng6 15.
h3 c5 16. Be3 Rb8 17. Rab1 Bxf5 18. gxf5 Nf4 19. Bxf4 exf4 20. Nh2 Qf6 21. Rfe1
Rxb2 22. Rxb2 Qxb2 23. Qh5 Qc3 24. Re2 dxe4 25. Ng4 f3 26. Rxe4 Rxe4 27. dxe4
Qe1+ 28. Kh2 Be5+ 0-1

[Event "10. Torneo I. Cidade de Pontevedra 2022"]
[Site "Pontevedra ESP"]
[Date "2022.07.30"]
[Round "9.8"]
[White "Martinez Reyes, Pedro Ramon"]
[Black "Contin, Daniel"]
[Result "1/2-1/2"]
[WhiteElo "2408"]
[BlackElo "2206"]
[PlyCount "156"]
[EventDate "2022.07.24"]
[EventType "swiss"]
[EventRounds "9"]
[EventCountry "ESP"]
[SourceTitle "Ajedrez en Madrid"]
[Source "lmi"]
[SourceDate "2022.07.24"]
[SourceVersion "1"]
[SourceVersionDate "2022.08.06"]
[SourceQuality "1"]

1. e4 e6 2. d4 d5 3. Nd2 c5 4. exd5 exd5 5. Ngf3 a6 6. dxc5 Bxc5 7. Nb3 Ba7 8.
Bd3 Nc6 9. O-O Qd6 10. Be3 Bxe3 11. Qe2 Nge7 12. Qxe3 O-O 13. Rfe1 Bf5 14. Rad1
Rad8 15. Bxf5 Nxf5 16. Qg5 Qg6 17. Qxg6 hxg6 18. c3 b6 19. Nfd4 Nfxd4 20. Nxd4
Na5 21. b4 Nc4 22. Nc6 Rd6 23. Ne7+ Kh7 24. f4 Kh6 25. Rd3 Kh5 26. Rg3 d4 27.
Rg5+ Kh6 28. Rg3 Kh5 29. Rg5+ Kh6 30. Rg4 Kh5 31. h3 f5 32. Rg5+ Kh6 33. cxd4
Nd2 34. d5 Ne4 35. Rxe4 fxe4 36. Rg4 g5 37. fxg5+ Kh5 38. g6 e3 39. Re4 Kg5 40.
Rxe3 Kf6 41. g4 Re8 42. h4 Rxe7 43. g5+ Kxg6 44. Rxe7 Rxd5 45. Re6+ Kh5 46.
Rxb6 Rd1+ 47. Kf2 Rd2+ 48. Kg3 Rxa2 49. Rb8 Ra1 50. Rh8+ Kg6 51. Ra8 Kf5 52. b5
Ra3+ 53. Kf2 Ra2+ 54. Ke3 Ra3+ 55. Kd2 a5 56. b6 Rb3 57. Rxa5+ Kg4 58. Ra6 Kxh4
59. Kc2 Rb5 60. Kc3 Kxg5 61. Kc4 Rb1 62. Ra5+ Kf4 63. Rb5 Rc1+ 64. Kd5 Rc8 65.
Rb4+ Kf5 66. b7 Rb8 67. Kc6 g5 68. Kc7 Rxb7+ 69. Rxb7 g4 70. Kd6 g3 71. Kd5 Kf4
72. Rb2 Kf3 73. Rb3+ Kf4 74. Kd4 g2 75. Rb1 Kf3 76. Kd3 Kf2 77. Rb2+ Kf3 78.
Rxg2 Kxg2 1/2-1/2

[Event "10. Torneo I. Cidade de Pontevedra 2022"]
[Site "Pontevedra ESP"]
[Date "2022.07.30"]
[Round "9.9"]
[White "Bernal Moro, Luis Javier"]
[Black "Roque Sola, Jose Luis"]
[Result "1/2-1/2"]
[WhiteElo "2404"]
[BlackElo "2098"]
[PlyCount "120"]
[EventDate "2022.07.24"]
[EventType "swiss"]
[EventRounds "9"]
[EventCountry "ESP"]
[SourceTitle "Ajedrez en Madrid"]
[Source "lmi"]
[SourceDate "2022.07.24"]
[SourceVersion "1"]
[SourceVersionDate "2022.08.06"]
[SourceQuality "1"]

1. Nf3 Nf6 2. g3 e6 3. Bg2 d5 4. O-O Be7 5. c4 O-O 6. b3 c5 7. e3 Nc6 8. Bb2
Qb6 9. cxd5 exd5 10. Nc3 Bf5 11. d4 c4 12. Ne5 cxb3 13. axb3 Nb4 14. Rc1 h5 15.
Qe2 a6 16. h3 Qe6 17. Kh2 Bd6 18. Rfd1 Rac8 19. Na4 Rc2 20. Rxc2 Bxc2 21. Rd2
Bxb3 22. Nc5 Bxc5 23. dxc5 Nc6 24. Nxc6 bxc6 25. Qxa6 Bc4 26. Qa3 Ne4 27. Rc2
Qf5 28. f3 Ng5 29. e4 Qg6 30. Be5 f5 31. exd5 Bxd5 32. Rb2 Nf7 33. Bf4 Qe6 34.
h4 Re8 35. Qc3 Qe1 36. Bd2 Qe7 37. Rb1 Qa7 38. Qd4 Qa2 39. Bc3 Ne5 40. Rb2 Qc4
41. Qxc4 Nxc4 42. Rb7 Re2 43. Rxg7+ Kf8 44. Kg1 Ne3 45. Bh3 Bxf3 46. Rg5 Bg4
47. Bxg4 hxg4 48. Bd4 Rg2+ 49. Kh1 Rxg3 50. Bxe3 Rxe3 51. Rxf5+ Ke7 52. Kg2 Rh3
53. h5 Ke6 54. Rg5 Kf6 55. Rg6+ Ke5 56. Rxc6 Kd5 57. Rh6 Kxc5 58. Rh8 Kb6 59.
h6 Kb7 60. h7 Ka7 1/2-1/2

[Event "10. Torneo I. Cidade de Pontevedra 2022"]
[Site "Pontevedra ESP"]
[Date "2022.07.30"]
[Round "9.10"]
[White "Grieve, Harry"]
[Black "Sarabando, Rodrigo Andias"]
[Result "1-0"]
[WhiteElo "2390"]
[BlackElo "1915"]
[PlyCount "89"]
[EventDate "2022.07.24"]
[EventType "swiss"]
[EventRounds "9"]
[EventCountry "ESP"]
[SourceTitle "Ajedrez en Madrid"]
[Source "lmi"]
[SourceDate "2022.07.24"]
[SourceVersion "1"]
[SourceVersionDate "2022.08.06"]
[SourceQuality "1"]

{[%evp 0,89,25,20,44,45,45,45,57,50,61,50,50,35,29,10,37,39,52,23,15,27,14,20,
20,24,30,57,90,64,78,78,81,42,76,75,84,84,84,84,112,96,90,95,102,107,106,75,
105,108,111,115,110,110,146,146,149,146,145,145,153,151,184,204,239,239,227,
196,189,190,262,262,258,255,328,341,495,507,495,495,517,552,565,597,669,597,
640,596,635,679,773,780]} 1. e4 c5 2. Nf3 e6 3. Nc3 d6 4. d4 cxd4 5. Nxd4 Nf6
6. g4 h6 7. Rg1 Be7 8. Be3 Nc6 9. Qe2 Nxd4 10. Bxd4 e5 11. Be3 Be6 12. O-O-O
Rc8 13. Qb5+ Nd7 14. Qxb7 Rc7 15. Qb5 O-O 16. Nd5 Bxd5 17. Qxd5 Nc5 18. Kb1 Qb8
19. Bc4 Qc8 20. Bb3 a5 21. a4 Qa8 22. Qxa8 Rxa8 23. f3 Rb8 24. Bxc5 Rxc5 25.
Rd3 Rb6 26. Rgd1 g5 27. Rd5 Rbc6 28. Rxc5 Rxc5 29. c3 Kf8 30. Kc2 Rc6 31. Rd5
Bd8 32. Rb5 Ke7 33. Rb7+ Rc7 34. Rb8 Rc6 35. Bd5 Rb6 36. Ra8 Kd7 37. b3 f6 38.
Rxa5 Rb8 39. Ra7+ Bc7 40. b4 Kd8 41. a5 Rb5 42. Bc6 Rb8 43. Kd3 Kc8 44. Kc4 Kd8
45. Kd5 1-0

[Event "10. Torneo I. Cidade de Pontevedra 2022"]
[Site "Pontevedra ESP"]
[Date "2022.07.30"]
[Round "9.11"]
[White "Villar Perez, Samuel"]
[Black "Cabezas Ayala, Ivan"]
[Result "0-1"]
[WhiteElo "2188"]
[BlackElo "2296"]
[PlyCount "80"]
[EventDate "2022.07.24"]
[EventType "swiss"]
[EventRounds "9"]
[EventCountry "ESP"]
[SourceTitle "Ajedrez en Madrid"]
[Source "lmi"]
[SourceDate "2022.07.24"]
[SourceVersion "1"]
[SourceVersionDate "2022.08.06"]
[SourceQuality "1"]

1. e4 e5 2. Nf3 Nc6 3. Bb5 Nf6 4. d3 Bc5 5. Bxc6 dxc6 6. Nc3 Bg4 7. h3 Bh5 8.
Be3 Qe7 9. g4 Bg6 10. Bxc5 Qxc5 11. Qd2 Qe7 12. Qe3 Nd7 13. O-O-O Nb6 14. Ne2
O-O-O 15. Ng3 f6 16. Nf5 Qe6 17. b3 Bxf5 18. gxf5 Qe7 19. Rhg1 g6 20. Nh4 Qa3+
21. Kb1 g5 22. Nf3 c5 23. Qc1 Qb4 24. Qb2 Rd6 25. h4 gxh4 26. Rh1 Rhd8 27. Rxh4
c4 28. c3 Qa5 29. b4 Qa4 30. Qc2 Rxd3 31. Rxd3 Rxd3 32. Nd2 Qd7 33. Kc1 Na4 34.
Nb1 b5 35. Rg4 h5 36. Rg6 Qc6 37. Qe2 Nxc3 38. Nxc3 Rxc3+ 39. Kb2 Rd3 40. f3
Qd6 0-1

[Event "10. Torneo I. Cidade de Pontevedra 2022"]
[Site "Pontevedra ESP"]
[Date "2022.07.30"]
[Round "9.12"]
[White "Krutti, Valer"]
[Black "Gonzalez Carro, Victor"]
[Result "1-0"]
[WhiteElo "2292"]
[BlackElo "1808"]
[PlyCount "87"]
[EventDate "2022.07.24"]
[EventType "swiss"]
[EventRounds "9"]
[EventCountry "ESP"]
[SourceTitle "Ajedrez en Madrid"]
[Source "lmi"]
[SourceDate "2022.07.24"]
[SourceVersion "1"]
[SourceVersionDate "2022.08.06"]
[SourceQuality "1"]

1. Nf3 Nf6 2. c4 b6 3. Nc3 Bb7 4. d4 e6 5. a3 d5 6. Bg5 Be7 7. Bxf6 Bxf6 8.
cxd5 exd5 9. Qb3 O-O 10. Rd1 c6 11. e3 Nd7 12. Bd3 Be7 13. O-O Bd6 14. Rfe1 Nf6
15. Qc2 h6 16. Bf5 Re8 17. Rb1 Qe7 18. b4 a6 19. g3 g6 20. Bd3 Ne4 21. Nh4 Rad8
22. Bf1 Bb8 23. Bg2 Rd6 24. Nf3 Rf6 25. Nxe4 dxe4 26. Nd2 Re6 27. Rec1 h5 28.
a4 b5 29. Nb3 f5 30. Qa2 Kg7 31. Rd1 Rf6 32. Nc5 Bc8 33. axb5 cxb5 34. Rbc1 h4
35. Rc2 Rh8 36. Rdc1 hxg3 37. hxg3 g5 38. Nxe4 fxe4 39. Rxc8 Rxc8 40. Rxc8 Rf8
41. Rxf8 Qxf8 42. Qxa6 Bd6 43. Qxb5 Bxb4 44. Qxg5+ 1-0

[Event "10. Torneo I. Cidade de Pontevedra 2022"]
[Site "Pontevedra ESP"]
[Date "2022.07.30"]
[Round "9.13"]
[White "Andias, Joao Pedro Menezes"]
[Black "Mahitosh, Dey"]
[Result "1/2-1/2"]
[WhiteElo "2045"]
[BlackElo "2212"]
[PlyCount "105"]
[EventDate "2022.07.24"]
[EventType "swiss"]
[EventRounds "9"]
[EventCountry "ESP"]
[SourceTitle "Ajedrez en Madrid"]
[Source "lmi"]
[SourceDate "2022.07.24"]
[SourceVersion "1"]
[SourceVersionDate "2022.08.06"]
[SourceQuality "1"]

1. e4 e5 2. Nf3 Nf6 3. Nc3 Nc6 4. d4 exd4 5. Nxd4 Bb4 6. Nxc6 bxc6 7. Bd3 d5 8.
exd5 cxd5 9. O-O O-O 10. Bg5 c6 11. Qf3 h6 12. Bxf6 Qxf6 13. Qxf6 gxf6 14. Ne2
Bd7 15. Ng3 Rfe8 16. Nh5 Be7 17. Ng3 Rab8 18. b3 Bb4 19. Rac1 Re5 20. f4 Ree8
21. Nh5 Bc3 22. Rf3 Kh8 23. h3 Re7 24. Bh7 Bd4+ 25. Kf1 Bc8 26. Bd3 Bb2 27. Rb1
Bd4 28. Rc1 Re3 29. Rxe3 Bxe3 30. Re1 Bd4 31. Ng3 Bc3 32. Re2 Rb4 33. Rf2 c5
34. Rf3 Bd2 35. Ke2 Bc3 36. Nf1 Rb7 37. Ne3 Re7 38. Kf1 Bb7 39. Nf5 Re1+ 40.
Kf2 d4 41. Nxh6 Bxf3 42. Kxf3 Ra1 43. a4 Ra2 44. Ng4 Kg7 45. Nf2 c4 46. Bxc4
Rxc2 47. Nd3 f5 48. Ne5 Be1 49. Nd3 Bd2 50. g4 fxg4+ 51. hxg4 Be3 52. Ke4 Re2
53. Kf5 1/2-1/2

[Event "10. Torneo I. Cidade de Pontevedra 2022"]
[Site "Pontevedra ESP"]
[Date "2022.07.30"]
[Round "9.14"]
[White "Bringas Gomez, Artai"]
[Black "Persson, Andreas"]
[Result "1-0"]
[WhiteElo "2203"]
[BlackElo "2154"]
[PlyCount "73"]
[EventDate "2022.07.24"]
[EventType "swiss"]
[EventRounds "9"]
[EventCountry "ESP"]
[SourceTitle "Ajedrez en Madrid"]
[Source "lmi"]
[SourceDate "2022.07.24"]
[SourceVersion "1"]
[SourceVersionDate "2022.08.06"]
[SourceQuality "1"]

1. Nf3 d5 2. g3 Nf6 3. Bg2 c6 4. O-O Bf5 5. d3 h6 6. b3 e6 7. Bb2 Be7 8. Nbd2
O-O 9. Qe1 a5 10. a3 Nbd7 11. e4 Bh7 12. Qe2 b5 13. a4 bxa4 14. Rxa4 Nc5 15.
Rd4 Nfd7 16. e5 a4 17. b4 a3 18. Ba1 Na6 19. c3 Nc7 20. Rf4 g5 21. Rg4 h5 22.
Rd4 Nb5 23. c4 Nxd4 24. Nxd4 Rc8 25. b5 Nb8 26. cxd5 cxd5 27. f4 Bc5 28. N2b3
Qe7 29. Kh1 Rfe8 30. Qxh5 Bxd3 31. f5 Bxd4 32. f6 Qb4 33. Qxg5+ Bg6 34. Bxd4
Kh7 35. Rf4 Kg8 36. Rh4 Qf8 37. Rh6 1-0